000 00507nam a22001697a 4500
999 _c196501
_d196501
005 20230705164258.0
010 _aENG-137299
020 _a9788128831546
_c250.00
035 _aEN-120831
037 _bDBAD/PUB
082 _a000
245 _aIndia Book Of Records 2011
_cEdited by Biswaroop Roy Chowdhury
260 _aHaryana
_bDimond Books
_c2011
270 _aX-30,Okhla Industrial Area ,phase-II
_b New Delhi
_e110020
300 _a254pg
_c21.5(pbk)
942 _2ddc
_cEN
_mCHO
_h000